Tiếng sáo ma

Saved in:
Bibliographic Details
Main Author: Nghê, Khuông
Format: Book
Language:Undetermined
Published: Hà Nội Thể dục Thể thao 2005
Subjects:
Tags: Add Tag
No Tags, Be the first to tag this record!
Institutions: Trung tâm Học liệu Trường Đại học Cần Thơ
LEADER 00570nam a2200193Ia 4500
001 CTU_136535
008 210402s9999 xx 000 0 und d
020 |c 28750 
082 |a 895.13 
082 |b Kh518/T3 
100 |a Nghê, Khuông 
245 0 |a Tiếng sáo ma 
245 0 |c Nghê Khuông; Nhất Giang (dịch giả) 
260 |a Hà Nội 
260 |b Thể dục Thể thao 
260 |c 2005 
650 |a Tiểu thuyết kiếm hiệp Trung Quốc 
904 |i Năm 
980 |a Trung tâm Học liệu Trường Đại học Cần Thơ